000
00321nam a2200145Ia 4500
008
100122s9999 xx 000 0 und d
082
_b
9955
_a
823
100
_a
PAYNE ROBERT
245
_a
THE DELUGE
260
_b
LION LIBRARY
_c
1950
300
_a
60
630
_a
THE DELUGE
730
_a
THE DELUGE
942
_c
BOOK
999
_c
444062
_d
444059